Govt. of
Madhya Pradesh

Universal Guide To CLAT & LLB Entrance Examination - 2022 (Record no. 65504)

MARC details
000 -LEADER
fixed length control field 00275nam a22001097a 4500
082 ## - DEWEY DECIMAL CLASSIFICATION NUMBER
Classification number 340
100 ## - MAIN ENTRY--AUTHOR NAME
Personal name Arora,Manish
245 ## - TITLE STATEMENT
Title Universal Guide To CLAT & LLB Entrance Examination - 2022
260 ## - PUBLICATION, DISTRIBUTION, ETC. (IMPRINT)
Place of publication Haryana
Name of publisher Uni. Lexis Nexis
Year of publication 2022
650 ## - SUBJECT ADDED ENTRY--TOPICAL TERM
Topical Term Law
942 ## - ADDED ENTRY ELEMENTS (KOHA)
Koha item type Books
Holdings
Withdrawn status Lost status Damaged status Not for loan Home library Current library Date acquired Cost, normal purchase price Full call number Accession Number Price effective from Koha item type
        MACL MACL 29/10/2022 950.00 340 DPI 001107 29/10/2022 Books